History Quiz

Random History Quiz
Score 0/100 Timer 15:00
0 Plays Today
Term Senator % Correct
2002-Penny Wong
100%
2006-Cory Bernardi
100%
2007-Simon Birmingham
100%
2008-Sarah Hanson-Young
100%
2011-2015Penny Wright
100%
2014-Bob Day
100%
1995-2008Natasha Stott Despoja
88.9%
2008-Nick Xenophon
88.9%
2008-2014Don Farrell
88.9%
2011-Alex Gallacher
88.9%
1993-2011Nick Minchin
77.8%
2011-David Fawcett
77.8%
1990-2005Meg Lees
66.7%
2012-Anne Ruston
66.7%
2015-Robert Simms
57.1%
1977-1978; 1981-1990Janine Haines
55.6%
1981-2006Robert Hill
55.6%
2011-Sean Edwards
55.6%
1990-1992John Olsen
44.4%
1985-2007Amanda Vanstone
33.3%
1968-1983Harold Young
33.3%
1974-1977Steele Hall
33.3%
1981-2005Nick Bolkus
33.3%
1987-2002Chris Schacht
33.3%
2005-Anne McEwen
33.3%
2007-2012Mary Jo Fisher
33.3%
1992-2011Alan Ferguson
22.2%
1997-2000John Quirke
22.2%
2000-2005Geoff Buckland
22.2%
1961-1962; 1965-1981Gordon Davidson
11.1%
2005-2011Annette Hurley
11.1%
2005-2011Dana Wortley
11.1%
1901-1913Sir Josiah Symon
0%
1901-1906Thomas Playford
0%
Term Senator % Correct
1901-1906Sir Richard Baker
0%
1901-1903Sir John Downer
0%
1901-1903David Charleston
0%
1901-1914Gregor McGregor
0%
1904-1921Robert Guthrie
0%
1904-1917William Story
0%
1907-1912William Russell
0%
1907; 1908-1913Joseph Vardon
0%
1907-1908; 1913-1920; 1923-1925James O'Loghlin
0%
1912-1913; 1914-1920John Shannon
0%
1913-1932Sir John Newlands
0%
1913-1923William Senior
0%
1917-1923James Rowell
0%
1920-1926Benjamin Benny
0%
1920-1926Victor Wilson
0%
1921-1923Edward Vardon
0%
1923-1935Bert Hoare
0%
1923-1927Charles McHugh
0%
1925-1928Sir Henry Barwell
0%
1926-1931John Chapman
0%
1926-1944Alexander McLachlan
0%
1927-1929John Verran
0%
1928-1929Albert Robinson
0%
1929-1935John Daly
0%
1929-1935Mick O'Halloran
0%
1931-1932Harry Kneebone
0%
1932-1937Oliver Badman
0%
1932-1938Jack Duncan-Hughes
0%
1935-1947James McLachlan
0%
1935-1947; 1950-1955George McLeay
0%
1935-1944Oliver Uppill
0%
1935-1944Philip McBride
0%
1938-1944Keith Wilson
0%
1944-1962Sid O'Flaherty
0%
Term Senator % Correct
1944-1968Theo Nicholls
0%
1944-1953Alex Finlay
0%
1944-1947; 1950-1968Ted Mattner
0%
1947-1951Fred Beerworth
0%
1947-1959Jack Critchley
0%
1947-1951Frederick Ward
0%
1950-1967Clive Hannaford
0%
1950-1959John Ryan
0%
1951-1961Rex Pearson
0%
1951-1969Keith Laught
0%
1953-1971Jim Toohey
0%
1955-1965; 1968-1974Dame Nancy Buttfield
0%
1959-1971Clem Ridley
0%
1959-1975Arnold Drury
0%
1962-1981Reg Bishop
0%
1962-1981Jim Cavanagh
0%
1967-1981Condor Laucke
0%
1969Martin Cameron
0%
1969-1978Don Cameron
0%
1971-1983Geoff McLaren
0%
1971-1987Don Jessop
0%
1975-1990Tony Messner
0%
1978-1996Baden Teague
0%
1978-1987Ron Elstob
0%
1981-1997Dominic Foreman
0%
1983-1993Graham Maguire
0%
1983-2002Rosemary Crowley
0%
1985-1987David Vigor
0%
1987-1995John Coulter
0%
1987-2008Grant Chapman
0%
1996-2007Jeannie Ferris
0%
2002-2008Linda Kirk
0%
Remove Ads.
Support Sporcle.
Get the best of Sporcle when you Go Orange. This ad-free experience offers more features, more stats, and more fun while also helping to support Sporcle. Thank you for becoming a member.

You're not logged in!

Compare scores with friends on all Sporcle quizzes.
OR
Log In

Show Comments

Extras

Top Quizzes Today


Score Distribution

Your Account Isn't Verified!

In order to create a playlist on Sporcle, you need to verify the email address you used during registration. Go to your Sporcle Settings to finish the process.

Report this User

Report this user for behavior that violates our Community Guidelines.

Details: